000 00626nam a2200181Ia 4500
008 090123s9999 xx 000 0 und d
082 _b3826
100 _aकाळे वसंत पुरूषोत्तम
245 _aकारे भुललासी
250 _a1
260 _bश्रीराम प्रकाशन
_c1974
300 _a201
600 _aकाळे वसंत पुरूषोत्तम
630 _aकारे भुललासी
700 _aकाळे वसंत पुरूषोत्तम
730 _aकारे भुललासी
942 _cBOOK
999 _c41902
_d41902